Filosofía Masónica / Luis Umbert Santos

Uloženo v:
Podrobná bibliografie
Hlavní autor: Umbert Santos, Luis
Médium: Kniha
Jazyk:Undetermined
Vydáno: México, Distrito Federal Pax-México 1987
Témata:
Tagy: Přidat tag
Žádné tagy, Buďte první, kdo vytvoří štítek k tomuto záznamu!

MARC

LEADER 00000nam a2200000Ia 4500
008 170316s9999 xx 000 0 und d
090 |a 100 U-6f 
100 |a Umbert Santos, Luis 
245 |a Filosofía Masónica / Luis Umbert Santos 
260 |a México, Distrito Federal 
260 |b Pax-México 
260 |c 1987 
300 |a 200 páginas 
650 |a FILOSOFÍA 
650 |a FILOSOFÍA-MASÓNICA 
999 |c 17822  |d 17822 
040 |a cru BVZT 
942 |c 15 D  |h 100 U-6f  |2 z